|
|
|
|
| LEADER |
00000naa2a2200000 4500 |
| 001 |
252889 |
| 005 |
20260116132729.0 |
| 035 |
|
|
|a (RuTPU)RU\TPU\book\275255
|
| 090 |
|
|
|a 252889
|
| 100 |
|
|
|a 20140306d2009 k y0rusy50 ca
|
| 101 |
0 |
|
|a rus
|
| 102 |
|
|
|a RU
|
| 135 |
|
|
|a drnn ---uucaa
|
| 181 |
|
0 |
|a i
|
| 182 |
|
0 |
|a b
|
| 200 |
1 |
|
|a Полимерные микроволокна, полученные с использованием плазменного реактора, и их модифицирование наночастицами
|d The polymeric microfibers produced with plasma reactor, and it modification by nanoparticles
|f Г. В. Лысак, И. А. Лысак
|g науч. рук. Т. Д. Малиновская
|
| 203 |
|
|
|a Текст
|c электронный
|
| 225 |
1 |
|
|a Химия
|
| 300 |
|
|
|a Заглавие с титульного экрана
|
| 320 |
|
|
|a [Библиогр.: с. 418 (3 назв.)]
|
| 337 |
|
|
|a Adobe Reader
|
| 461 |
|
1 |
|0 (RuTPU)RU\TPU\book\266141
|t Перспективы развития фундаментальных наук
|l Prospects of Fundamental Sciences Development
|o труды VI Международной конференции студентов и молодых ученых, г. Томск, 26-29 мая 2009 г.
|o в 2 т.
|f Томский политехнический университет (ТПУ) ; под ред. Г. А. Воронова
|d 2009
|
| 463 |
|
0 |
|0 (RuTPU)RU\TPU\book\256958
|t Т. 1
|v [С. 415-418]
|d 2009
|
| 510 |
1 |
|
|a The polymeric microfibers produced with plasma reactor, and it modification by nanoparticles
|z eng
|
| 610 |
1 |
|
|a труды учёных ТПУ
|
| 610 |
1 |
|
|a электронный ресурс
|
| 610 |
1 |
|
|a полимерные волокна
|
| 610 |
1 |
|
|a плазменные реакторы
|
| 610 |
1 |
|
|a наночастицы
|
| 700 |
|
1 |
|a Лысак
|b Г. В.
|
| 701 |
|
1 |
|a Лысак
|b И. А.
|c специалист в области автоматизации и робототехники
|c доцент Томского политехнического университета, кандидат технических наук
|f 1977-
|g Илья Александрович
|3 (RuTPU)RU\TPU\pers\31784
|9 15895
|
| 702 |
|
1 |
|a Малиновская
|b Т. Д.
|4 727
|
| 801 |
|
2 |
|a RU
|b 63413507
|c 20140306
|g RCR
|
| 856 |
4 |
|
|u http://www.lib.tpu.ru/fulltext/c/2009/C21/001.pdf
|
| 942 |
|
|
|c CF
|